1051 1788 1431 1373 1982 1982 1225 1241 1558 1872 1037 1685 1067 1835 1442 1291 1716 1974 1765 1940 1380 1583 1877 1227 1120 1140 1060 1491 1023 1483 1130 1960 1854 1993 1279 1363 1854 1265 1771 1166 1591 1049 1131 1781 1865 1621 1037 1842 1513 1508 1768 1451 1819 1352 1210 1481 1825 1453 1070 1112 1497 1932 1314 1425 1608 1619 1806 1997 1788 1213 1867 1799 1224 1649 1485 1230 1495 1516 1934 1636 1875 1918 1325 1304 1262 1109 1212 1822 1159 1731 1232 1625 1121 1536 1081 1598 1427 1636 1429 BCNSPRNW ULIB Ver.6.0+V

เปลี่ยนเป็นภาษาไทย

Change to English
 แสดงรายละเอียดบรรณานุกรม
  กลับหน้าหลัก

Brief Record : Get Marc (ISO 2709) : E-mail record : QR code < ปิดหน้าต่าง
LEADER : 00000nam 2200000uu 4500
001    13399128196
003     ULIB
008    220815s2022||||th 000 0 tha d
020    ^a9780702081804
060 04 ^aWS200^bI29
245 00 ^aIllustrated textbook of paediatrics /^c[edited by] TomLissauer, Graham Clayden
246 3  ^aPediatrics
246 14 ^aIllustrated textbook of pediatrics
246 30 ^aPaediatrics
250    ^a6th ed.
260    ^aEdinburgh :^bMosby/Elsevier,^c2022
300    ^axii, 593 p. :^bill. ;^c27 cm.
504    ^aIncludes bibliographical references and index
650  2 ^aPediatrics
700 1  ^aLissauer, Tom,^eed.
700 1  ^aClayden, Graham,^eed.
945    ^p0^l0^i009300
999    ^aประนอม เกษจรัล
รายการนี้ยังไม่มีแท็ก
คุณยังไม่ได้ล็อกอิน คุณสามารถมีกิจกรรมร่วมกับเว็บไซต์ได้ แต่ต้องล็อกอินก่อน ::
  ล็อกอิน

รายการสื่อสารสนเทศ

ลำดับที่ ประเภท เลขเรียก/บาร์โค้ด สถานที่ สถานะ
1. วิทยาศาสตร์การแพทย์ และสุขภาพ
หนังสือสำรอง
สถานะ=หนังสือสำรอง
WS200 I29 ฉ.1 
  Barcode: 009300
ห้องสมุดวิทยาเขตสวรรค์ประชารักษ์
►หนังสือทั่วไป
บนชั้น

รายการใกล้เคียง
    หัวเรื่อง [Pediatrics]

BibComment


ยังไม่เคยถูกคอมเมนท์

คอมเมนท์ทรัพยากรรายการนี้
  คอมเมนท์: Illustrated text..


 Copyright 2026. Bcnsprnw @Library